000 00571nam a2200229Ia 4500
003 OSt
005 20220924144303.0
006 a|||||r|||| 00| 0
007 ta
008 220923b |||||||| |||| 00| 0 urd d
024 _a313264
037 _cTextual
040 _aARTS
_cARTS
_burd
041 _2urd
_aurd
082 _aO168,1M45w, N6
100 _aAzimabadi Muslim
_9217365
245 0 _aShad ki kahani
260 _c1996
650 _aURDU POETRY
942 _hO168,1M45w, N6
_cTEXL
_2CC
999 _c456599
_d456599